000 00537nam a2200181Ia 4500
008 090124s9999 xx 000 0 und d
082 _b29785
100 _aजोंधळे महावीर
245 _a आत्मस्वर
250 _a1
260 _bअनुपम प्रकाशन
_c1991
300 _a119
600 _aजोंधळे महावीर
630 _a आत्मस्वर
700 _aजोंधळे महावीर
730 _a आत्मस्वर
942 _cBOOK
999 _c94837
_d94837